000 00577nam a2200241Ia 4500
003 OSt
005 20221007115717.0
006 a|||||r|||| 00| 0
007 ta
008 221006b |||||||| |||| 00| 0 eng d
024 _a37,943
037 _cTextual
040 _aLCO
_cLCO
_beng
041 _2eng
_aeng
082 _aZ2,122, Q8
100 _aARORA A.S.
_9709793
245 0 _aDigest on Marriage & Divorce (1997-2017)
250 _a4th
260 _c2018
300 _a1000
942 _hZ2,122, Q8
_cTEXL
999 _c1207506
_d1207506